Earth & environment

Bibliographic Details
Format: Book
Published: Selangor : Early Learner Publication Sdn.Bhd , 2004
Series:Get to know
Subjects:

MARC

LEADER 00000cam a2200000 7i4500
001 0000006920
005 20151222.0
008 070827
020 |a 9832611490 
090 0 0 |a SC   |b ENG 
245 1 0 |a Earth & environment   |c Kathy Stewart 
260 |a Selangor :   |b Early Learner Publication Sdn.Bhd ,   |c 2004 
440 |a Get to know 
500 |a Children ages 10-12 years old (pink) 
650 0 |a Earth   |x Juvenile literature 
999 |a 0000987024   |b Book   |c Children Collection   |e Perbadanan Perpustakaan Awam Johor 
999 |a 0000987025   |b Book   |c Children Collection   |e Perbadanan Perpustakaan Awam Johor 
999 |a 0000987026   |b Book   |c Children Collection   |e Perbadanan Perpustakaan Awam Johor 
999 |a 0000987027   |b Book   |c Children Collection   |e Cawangan Tmn. Ungku Tun Aminah 
999 |a 0000987720   |b Book   |c Children Collection   |e Cawangan Bandar Penawar 
999 |a 0000987721   |b Book   |c Children Collection   |e Cawangan Pontian 
999 |a 0000987722   |b Book   |c Children Collection   |e Perbadanan Perpustakaan Awam Johor